000 00286nam a2200109Ia 4500
005 20251222152553.0
008 251222s9999||||xx |||||||||||||| ||spa||
082 _a985/P78/1984
100 _a"Porras Barrenechea, Raúl"
245 0 _a"Mito, tradición e historia del Perú"
942 _cLIB
999 _c26311
_d26311